000 00531nam a2200181Ia 4500
005 20250508163336.0
008 008 250505s9999 xx 000 0 eng d
037 _aTextual
040 _aFEDL
_beng
_cFEDL
041 _aeng
_2eng
084 _a370, NCE
_qFEDL
245 0 _aReadings in chid-centred education Vol. 2
260 _aNew Delhi, India
_bNational Council of Educational Research and Training
_c1988
300 _a669p.
650 _aEducation
942 _cTEXL
_h370, NCE
999 _c1382429
_d1382429